Which Country's Fun Fact? - Statistics

General Stats
  • This quiz has been taken 15 times
  • The average score is 4 of 15
Answer Stats
Hint Answer % Correct
This country's national symbol is a harp Ireland
64%
Has the most UNESCO world heritage sights Italy
64%
The only South American country where English is an official language Guyana
57%
The only place in the world where you can see the sun rise on the Pacific and set on the Atlantic. Panama
50%
This country is the closest to space Ecuador
29%
The oldest zoo in the world is found in this country Austria
21%
The smallest bird, The Bee Hummingbird, is only found in this country Cuba
21%
This country is home to the lowest place on the African continent Ethiopia
21%
The world's flattest country Maldives
21%
This country is home to the biggest castle in the world Poland
21%
The world's oldest bookstore is found in this country Portugal
21%
This country has the most elephants Botswana
14%
This country has the "highest lowest point" Lesotho
14%
Africa's tallest statue is found in this country Senegal
14%
Smoking in your own home was banned first here Honduras
0%
No matching quizzes found
Score Distribution
Percent of People with Each Score
Percentile by Number Answered
Your Score History
You have not taken this quiz